| 000 | 02080cam a22004214i 4500 | ||
|---|---|---|---|
| 003 | PE-LiUPU | ||
| 005 | 20250731173142.0 | ||
| 008 | 150623s1962 dcu r 000 0 eng d | ||
| 035 | _a(Sirsi) a27607 | ||
| 040 |
_aPE-LiUPU _bspa _cPE-LiUPU _erda |
||
| 082 | 0 | 4 |
_a267.6 _bM39 _221 |
| 100 | 1 |
_aMaxwell, Lawrance, _eautor. |
|
| 245 | 1 | 0 |
_aMv pathfinder : _bfield guide / _cLawrence Maxwell. |
| 264 | 1 |
_aWashington, D.C. : _bReview and Herald Publishing ASSN, _c1962. |
|
| 300 |
_a352 páginas : _bilustraciones ; _c20 centímetros |
||
| 336 |
_atext _2rdacontent |
||
| 337 |
_aunmediated _2rdamedia |
||
| 338 |
_avolume _2rdacarrier |
||
| 505 | 0 | _aGetting in on the fun: it's great to be a pathfinder -- Always something happening: hiking alogn together, find your way, mapping's fun, how high? how wide?, codes and calls, stories in footprints, stalking wild animals, sharp blades, tie it right, swimming and boating, warm fires, camp cookery, outpost camping, pack camping, snow camping, survival camping -- The great outdoors: the ground under your feet, stars in the sky, sunshine and storm, animals with fur, friends of a feather, your slighted friends, friends that hop and crawl, six legs, four wings, trappers with eight legs, wildflowers, forest sentinels -- When accidents happen: Emergency. | |
| 526 | _aSEG42 | ||
| 526 | _aSEG41 | ||
| 526 | _aSEG40 | ||
| 526 | _aSEG39 | ||
| 526 | _aP94 | ||
| 526 | _aP87 | ||
| 526 | _aP86 | ||
| 526 | _aP85 | ||
| 526 | _aP77 | ||
| 526 | _aP76 | ||
| 526 | _aP35 | ||
| 650 | 0 | 4 | _aSociedad de jovenes (IASD). |
| 650 | 0 | 4 |
_aTrabajo de iglesia con jovenes _vGuía. |
| 942 |
_2ddc _cBOOK |
||
| 949 |
_a267.6 M39 _wDEWEY _c1 _i52904 _lCCODEBUL1 _mBUL _p25.00 _r0 _sY _tBOOK _u2015-06-24 _xBIBLIOTECA _zUNKNOWN _0COMPRA _o.STAFF. Colección General |
||
| 596 | _a1 | ||
| 999 |
_a267.6 M39 _wDEWEY _c34765 _i52904 _d34765 _e2015-10-13 _f2021-11-10 _g5 _lCCODEBUL1 _mBUL _n2 _p25.00 _q6 _r0 _sY _tBOOK _u2015-6-24 _xTEOLOGIA _zUNKNOWN _0COMPRA _o.STAFF. Colección Teología |
||
| 980 |
_81 _gALBERTO SANCHEZ Responsable de Automatización |
||